| 000 | 00337nam a2200133Ia 4500 | ||
|---|---|---|---|
| 008 | 210210b1994 xxu||||| |||| 00| 0 eng d | ||
| 082 | _a032.02 CRYC | ||
| 100 | _aCRYSTAL (David),Ed. | ||
| 245 | _aCambridge factfinder. | ||
| 260 |
_aN D _bCambridge University _c1994 |
||
| 300 | _axx,843 | ||
| 690 | _aGeneral Knowledge | ||
| 906 | _a051705 | ||
| 999 |
_c99953 _d99953 |
||